Statistics for Famous Misquotes Quiz

Click here to take the quiz!

General Stats

  • This quiz has been taken 12,332 times
    (7,774 since last reset)
  • The average score is 9 of 20

Answer Stats

Quote Person % Correct
Let them eat cakeMarie Antoinette
89%
Elementary, my dear WatsonArthur Conan Doyle
85%
Et tu, Brute?Julius Caesar
79%
I cannot tell a lieGeorge Washington
70%
I can see Russia from my houseSarah Palin
69%
The British are coming! The British are coming!Paul Revere
54%
Religion is the opiate of the massesKarl Marx
50%
I invented the internetAl Gore
49%
Anything that can go wrong, willEdward Murphy
46%
I am a jelly doughnutJohn F. Kennedy
45%
The only traditions of the Royal Navy are rum, sodomy, and the lashWinston Churchill
45%
You can fool all of the people some of the time and some of the people all of the time,
but you cannot fool all of the people all of the time
Abraham Lincoln
41%
There's a sucker born every minuteP.T. Barnum
31%
The price of liberty is eternal vigilanceThomas Jefferson
29%
Democracy is two wolves and a lamb voting on what to have for lunchBen Franklin
28%
Golf is a good walk spoiledMark Twain
22%
The Battle of Waterloo was won on the playing fields of EtonDuke of Wellington
21%
The ends justify the meansNiccolo Machiavelli
20%
I disapprove of what you say, but I will defend to the death your right to say itVoltaire
18%
Ladies and Gentlemen of the class of 99, wear sunscreenKurt Vonnegut
4%

Score Distribution

Percentile by Number Answered

Percent of People with Each Score

Your Score History

You have not taken this quiz since the last reset